Les sensations internes / (Record no. 178919)

MARC details
000 -LEADER
campo de control de longitud fija 00712namaa2200205 i 4500
001 - NÚMERO DE CONTROL
campo de control 178919
003 - IDENTIFICADOR DE NÚMERO DE CONTROL
campo de control ES-MaACL
005 - FECHA Y HORA DE LA ÚLTIMA TRANSACCIÓN
campo de control 20251015063152.0
008 - DATOS DE LONGITUD FIJA--INFORMACIÓN GENERAL
campo de control de longitud fija 110810s1889 fr | |||| ||fre d
080 ## - NÚMERO DE LA CLASIFICACIÓN DECIMAL UNIVERSAL
Número de la Clasificación Decimal Universal 612.8
100 1# - ENTRADA PRINCIPAL--NOMBRE DE PERSONA
Nombre de persona Beaunis, Henri Étienne,
Fechas asociadas al nombre 1830-1921
9 (RLIN) 125879
245 14 - MENCIÓN DEL TÍTULO
Título Les sensations internes /
Mención de responsabilidad, etc. par H. Beaunis.
260 ## - PUBLICACIÓN, DISTRIBUCIÓN, ETC.
Lugar de publicación, distribución, etc. Paris :
Nombre del editor, distribuidor, etc. Ancienne Librairie Germer Baillière et Cª :
-- Felix Alcan, Editeur,
Fecha de publicación, distribución, etc. 1889.
300 ## - DESCRIPCIÓN FÍSICA
Extensión 256 p. ;
Dimensiones 22 cm.
490 1# - MENCIÓN DE SERIE
Mención de serie Bibliothèque scientifique internationale ;
Designación de volumen o secuencia 67
650 04 - PUNTO DE ACCESO ADICIONAL DE MATERIA--TÉRMINO DE MATERIA
Término de materia o nombre geográfico como elemento de entrada Neurofisiología.
9 (RLIN) 15528
830 0# - PUNTO DE ACCESO ADICIONAL DE SERIE-TÍTULO UNIFORME
Título uniforme Bibliothèque scientifique internationale ;
Designación de volumen o secuencia 67
9 (RLIN) 186949
852 ## - LOCALIZACIÓN
Ubicación ES-MaACL
Número de control de estantería F-14396
Holdings
Estatus retirado Estado de pérdida Estado de daño No para préstamo Colección Biblioteca de origen Biblioteca actual Ubicación en estantería Fecha de adquisición Fuente de adquisición Total de préstamos Signatura topográfica completa Código de barras Visto por última vez Precio de reemplazo Tipo de ítem Koha
        Libros del s. XIX Biblioteca del Ateneo de Madrid Biblioteca del Ateneo de Madrid Sala Pecera Planta 2 10/08/2011     F-14396 1187944 23/02/2023 23/02/2023 Libro impreso antiguo